| 000 | 00844nam a2200253 a 4500 | ||
|---|---|---|---|
| 005 | 20200104041536.0 | ||
| 008 | 140306t2002 cr a gr|||| 00| 0 spa d | ||
| 020 | _a9977573816 | ||
| 040 |
_aCO-BoIAVH _cCO-BoIAVH |
||
| 041 | 0 | _aspa | |
| 044 | _acr | ||
| 082 | 0 | 4 |
_a333.9509728 _bP37b |
| 100 | 1 | _aPedroni, Lucio | |
| 245 | 1 | 0 |
_aBiodiversidad : _bel problema y los esfuerzos que se realizan en Centroamérica / _cCATIE |
| 260 |
_aTurrialba : _bCATIE, _cc2002. |
||
| 300 |
_a48 páginas : _bIlustraciones ; _c26 x 19 cm. |
||
| 504 | _aIncluye referencias bibliográficas: páginas 45-47 | ||
| 650 | 1 | 6 | _aBiodiversidad |
| 650 | 1 | 6 | _aConservación de biodiversidad |
| 650 | 2 | 6 | _aCorredor Biológico Centroamericano |
| 662 | _cAmérica Central | ||
| 700 | 1 | _aMorera Jiménez, Marisol | |
| 942 |
_cLIBRO _2ddc |
||
| 999 |
_c2782 _d2782 |
||